00000000nam 2200000zi 4500
0019.947172
003CaOODSP
00520250121092415
006m     o  d f      
007cr bn|||||||||
008250121e199101##onc     o    f00| 0|eng d
040 |aCaOODSP|beng|erda|cCaOODSP
043 |an-cn---
0861 |aCo24-3/10-5-1991E-PDF
24500|aFocus group study on management and communication.
264 1|a[Ottawa] : |bGovernment of Canada, Department of Communications, Program Evaluation Division, |cJanuary 1991.
300 |a1 online resource (xiii, 59 pages).
336 |atext|btxt|2rdacontent
337 |acomputer|bc|2rdamedia
338 |aonline resource|bcr|2rdacarrier
4901 |aSpecial Study
500 |aDigitized edition from print [produced by Innovation, Science and Economic Development Canada].
650 0|aFocus groups|zCanada.
650 0|aCommunication in management|zCanada|xEvaluation.
650 6|aEntretiens focalisés|zCanada.
650 6|aCommunication en gestion|zCanada|xÉvaluation.
7101 |aCanada. |bDepartment of Communications, |eissuing body.
7101 |aCanada. |bDepartment of Communications. |bProgram Evaluation Division, |eissuing body.
830#0|aSpecial study (Canada. Communications Canada. Program Evaluation Division)|w(CaOODSP)9.939896
85640|qPDF|s1.40 MB|uhttps://publications.gc.ca/collections/collection_2025/isde-ised/co24/Co24-3-10-5-1991-eng.pdf